Регионална библиотека "Любен Каравелов" - Русе

Зазоряване (Запис номер 86167)

MARC детайли
000 -Лидер
Контролно поле с фиксирана дължина 01461nam a2200349 c 4500
003 - Код на организацията, давaща контролен номер
Контролно поле BLK
005 - Дата и час на последна редакция
Контролно поле 20250716122023.0
008 - Елементи от данни с фиксирана дължина
fixed length control field 180408b bul|||||r ||||||| ||bul||
010 ## - Наследен системен номер
LC control number KNG00090787000
020 ## - Международен стандартен номер на книга ISBN
Международен стандартен номер на книга ISBN 978-954-27-0352-5
-- издат.: Егмонт България
040 ## - Източник на каталожния запис
Идентификатор на билиотеката - собственик на записа BLK
041 ## - Код за език
Код за езика на текст/звукозапис или на отделно заглавие Български
Код за езика КДБФ Български
080 ## - УДК
Текстов определител УДК Американска литература (на САЩ)
УДК код - определител по УДК 821.111(73)
УДК определител -31
УДК - код + определител 821.111(73)-31
100 1# - Редна дума - Автор
Автор Майър, Стефани
Авторска отговорност първи автор
R(LIN) 368972
139 ## - Редно поле
Редна дума Майър, Стефани
Авторски знак Маис - М 18
245 10 - Сведения за заглавието
Заглавие Зазоряване
Подзаглавни данни Роман
Редно поле (дума) Стефани Майър; прев. Елка Йорданова Виденова.
257 ## - Страна на издаване
Страна на създаване/издаване Съединени американски щати
260 ## - Област на издателските данни
-- София
Име на издателя, разпространителя и проч. Егмонт България
Година на издаване 2009
Печатница отпеч. в Германия
300 ## - Физическа характеристика
Страници 758 с.
Размери/Мащаб 21 см
380 ## - Жанр
Жанр Худож. лит.
500 ## - Общи забележки
Забележка Ориг. загл. Breaking Dawn / Stephenie Meyer. - Офс. изд. - Съдържа и за авт. Продълж. на романа Здрач, Новолуние, Затъмнение.
653 ## - Ключова дума – ненормативна
Ключова дума романи
653 ## - Ключова дума – ненормативна
Ключова дума хорър
653 ## - Ключова дума – ненормативна
Ключова дума вампири
700 1# - Други автори (авторска отговорност)
Лично име Виденова, Елка Йорданова
Автороска отговорност (Описва отношението между автора и произведението) прев.
9 (RLIN) 370686
852 ## - Местоположение
Форматна сигнатура Цб 244878
856 4# - Електронен адрес и достъп
Електронен формат pdf - файл
Път до файла /url/
856 4# - Електронен адрес и достъп
Електронен формат pdf - файл
Път до файла /url/
942 ## - АРТИКУЛИ
Вид на библиотечния материал Книги
Скрит в OPAC Не
Koha issues (borrowed), all copies 31
944 ## - СЪЗДАВАНЕ И РЕДАКЦИЯ на ЗАПИСА
Създаване/Редакция Създаване
Дата на регистрацията/редакция 12.08.2009
Статус, дата на статуса Виолета Тройчева
Служител, извършил регистрацията/редакцията 30552
944 ## - СЪЗДАВАНЕ И РЕДАКЦИЯ на ЗАПИСА
Създаване/Редакция Редакция
Дата на регистрацията/редакция 28.10.2015
Статус, дата на статуса ф /
Служител, извършил регистрацията/редакцията Людмила_Стоянова
999 ## - СИСТЕМНИ КОНТРОЛНИ НОМЕРА
Koha biblionumber 86167
Koha biblioitemnumber 86167
Наличности
Код за отписване Код за изгубен артикул Източник на класификационната схема Код за повреда Коз за рестрикции Код за отдаване Артикулен № Име на библиотеката - собственик Име на библиотеката, в която се намира в момента Статус (Текущо местоположение) Дата на вписване в системата Местоположение - отдел Цена в лева Инвентарен номер Систематично азбучна сигнатура Баркод Номер на екземпляра Цена в евро Служебна бележка Служебен тип на артикула
  Не е изгубен Universal Decimal Classification Не е повреден без рестрикции заемане за дома 139572 Регионална библиотека "Любен Каравелов" Русе Регионална библиотека "Любен Каравелов" Русе Заемна - подръчен фонд 2009-07-24 Заемна - подръчен фонд 24.90 120000737222 П 820(73)-31/М 18 120000737222 1 12.73 Дост: Pk Вид: Ф N: 48 Дата: 23.07.2009 Дата инв: 16.02.2018 Бележки инв: П2018 Книги
  Не е изгубен Universal Decimal Classification Не е повреден без рестрикции заемане за дома 139573 Регионална библиотека "Любен Каравелов" Русе Регионална библиотека "Любен Каравелов" Русе Заемна - подръчен фонд 2009-07-24 Заемна - подръчен фонд 24.90 120000737223 П 820(73)-31/М 18 120000737223 2 12.73 Дост: Pk Вид: Ф N: 48 Дата: 23.07.2009 Дата инв: 16.02.2018 Бележки инв: П2018 Книги
Изтеглен Не е изгубен   Не е повреден без рестрикции заемане за дома 139574 Регионална библиотека "Любен Каравелов" Русе Регионална библиотека "Любен Каравелов" Русе Заемна - подръчен фонд 2009-07-24 Заемна - подръчен фонд 24.90 120000737224 П 820(73)-31/М 18 120000737224 3 12.73 Дост: Pk Вид: Ф N: 48 Дата: 23.07.2009 Дата инв: 13.02.2018 Бележки инв: П2018 Книги
  Не е изгубен Universal Decimal Classification Не е повреден без рестрикции заемане за дома 139575 Регионална библиотека "Любен Каравелов" Русе Регионална библиотека "Любен Каравелов" Русе Заемна - подръчен фонд 2009-07-24 Заемна - подръчен фонд 24.90 120000737225 П 821-31/М 18 120000737225 4 12.73 Дост: Pk Вид: Ф N: 48 Дата: 23.07.2009 Дата инв: 13.02.2018 Бележки инв: П2018 Книги
  Не е изгубен   Не е повреден без рестрикции ползва се в читалня 139576 Регионална библиотека "Любен Каравелов" Русе Регионална библиотека "Любен Каравелов" Русе Хранилище 2010-09-02 Хранилище 24.90 120000745410 Цб 244878 120000745410 5 12.73 Дост: Dp Вид: Д N: 50 Дата: 02.12.2009 Книги
Изтеглен Не е изгубен   Не е повреден без рестрикции заемане за дома 139577 Регионална библиотека "Любен Каравелов" Русе Регионална библиотека "Любен Каравелов" Русе Заемна - подръчен фонд 2015-09-29 Заемна - подръчен фонд 24.90 120000793151 П 820(73)-31/М 18 120000793151 6 12.73 Дост: DA Вид: А N: 19 Дата: 29.09.2015 Дата инв: 13.02.2018 Бележки инв: П2018 Книги
Vip Innovations Ltd, Rousse, Bulgaria 2025